[Event "Stay Safe Play From Home 324"]
[Site "Emanuel Lasker Arena"]
[Date "2020.07.22"]
[Round "5"]
[White "Ganyan"]
[Black "Ionelluca"]
[Result "1-0"]
[WhiteElo "1636"]
[BlackElo "1918"]
[Annotator "TA"]
[PlyCount "79"]
[EventDate "2020.07.22"]
[EventType "swiss (blitz)"]

{[%evp 9,79,40,43,35,75,75,187,191,187,186,216,88,93,62,87,87,101,66,67,63,115,41,75,82,77,71,74,80,104,80,106,113,142,137,206,198,200,100,102,94,97,105,508,12,36,-503,250,12,26,-14,-5,-34,15,0,0,0,0,0,754,749,956,939,862,840,1410,1332,2449,2059,1906,946,29979,7741]} 1. c4 Nf6 2. Nc3 c5 3. g3 Nc6 4. Bg2 b6 5. Nf3 Bb7 6. O-O {A34: Symmetrical English: 2 Nc3, lines with ...d5.} Rb8 7. d4 {[#]} d6 $146 (7... Nxd4 $16 8. Nxd4 cxd4 9. Qxd4 e6) ({Predecessor:} 7... cxd4 8. Nxd4 Nxd4 9. Qxd4 Bxg2 10. Kxg2 e6 11. Nb5 a6 12. Nd6+ Bxd6 13. Qxd6 Rc8 {0-1 (39) Galynin,D (2049)-Paldyaev,V (1853) Moscow 2009}) 8. d5 $18 {White is clearly better.} Na5 9. e4 {Threatens to win with e5.} g6 10. b3 (10. e5 $18 {and White stays clearly on top.} dxe5 11. Nxe5) 10... Bg7 $16 11. Re1 O-O 12. Bb2 a6 13. Qc2 Bc8 14. e5 Ne8 ({Black should try} 14... Ng4 $14) 15. Rad1 (15. e6 $16) 15... b5 16. cxb5 axb5 17. Ne4 Bf5 18. Nh4 Bg4 19. Rd2 c4 20. h3 Bc8 21. exd6 $1 Nxd6 (21... exd6 $16 {was necessary.} 22. b4 c3 23. Bxc3 Nc4) 22. Bxg7 $18 Kxg7 23. Qc3+ (23. Nxd6 $18 exd6 24. Qc3+ Kg8 25. b4) 23... Kg8 $16 24. Nxd6 b4 25. Qd4 c3 $2 {[%mdl 8192]} (25... exd6 $16 26. bxc4 Ba6) 26. Rde2 $2 (26. Nxc8 $18 Rxc8 27. Rde2) 26... Qxd6 $11 27. Rxe7 $2 {[%mdl 8192] [#]} (27. Nf3 $14 {keeps the upper hand.}) 27... Ba6 $4 {[%mdl 8192] [#]} (27... Nc6 $1 $19 {[%cal Rc6d4][%mdl 512] and all is fine.} 28. Qe4 (28. dxc6 Qxd4) 28... Nxe7 29. Qxe7 Qxe7 30. Rxe7 Rd8) 28. Ra7 $2 $40 {[%mdl 128] White attacks.} (28. Nf3 $1 $18 {[%cal Rf3g5] Hoping for Ng5.} Bc8 29. Qh4) 28... Nb7 {[%cal Ba5b7,Bb7c5,Bc5d7][%mdl 32]} 29. Bf1 (29. Nf3 $5 {[%cal Rf3g5]} Rfe8 30. Kh2 $14) 29... Bxf1 30. Rxf1 Rfc8 31. Rc1 Nc5 32. Nf3 Nd7 33. Ng5 {aiming for Qh4.} Rc7 $2 {[%mdl 8192]} (33... Ne5 $11) 34. Ne4 $18 Rxa7 35. Nxd6 Ra6 36. Ne4 f6 37. d6 Re8 38. Qd5+ Kg7 39. f3 Re5 40. Qb7 {[%mdl 64] Double Attack. A wild game. Accuracy: White = 44%, Black = 45%.} 1-0

[Event "Stay Safe Play From Home 324"]
[Site "Emanuel Lasker Arena"]
[Date "2020.07.22"]
[Round "5"]
[White "Klasman"]
[Black "Timbre"]
[Result "1-0"]
[WhiteElo "1468"]
[BlackElo "1607"]
[Annotator "NA RC"]
[PlyCount "61"]
[EventDate "2020.07.22"]
[EventType "swiss (blitz)"]

1. f4 {[%emt 0:00:02]} d5 {[%emt 0:00:02]} 2. e3 {[%emt 0:00:01]} Bf5 {[%emt 0:00:02]} 3. c4 {[%emt 0:00:02]} e6 {[%emt 0:00:01]} 4. Nf3 {[%emt 0:00:01]} c6 {[%emt 0:00:02]} 5. Qb3 {[%emt 0:00:02]} Qc7 {[%emt 0:00:04]} 6. Nc3 {[%emt 0:00:03]} Nf6 {[%emt 0:00:02]} 7. d4 {[%emt 0:00:01]} Nbd7 {[%emt 0:00:02]} 8. Bd2 {[%emt 0:00:04]} Be7 {[%emt 0:00:02]} 9. Rc1 {[%emt 0:00:02]} Qb8 {[%emt 0:00:02]} 10. Be2 {[%emt 0:00:03]} O-O {[%emt 0:00:01]} 11. Ne5 {[%emt 0:00:04]} Nxe5 {[%emt 0:00:03]} 12. fxe5 {[%emt 0:00:03]} Ne4 {[%emt 0:00:02]} 13. Nxe4 {[%emt 0:00:04]} Bxe4 {[%emt 0:00:02]} 14. O-O {[%emt 0:00:03]} Qd8 {[%emt 0:00:02]} 15. Bf3 {[%emt 0:00:02]} Bxf3 {[%emt 0:00:04]} 16. Rxf3 {[%emt 0:00:01]} f6 {[%emt 0:00:02]} 17. cxd5 {[%emt 0:00:10]} exd5 {[%emt 0:00:03]} 18. exf6 {[%emt 0:00:08]} Bxf6 {[%emt 0:00:02]} 19. Qxb7 {[%emt 0:00:07]} Rb8 {[%emt 0:00:03]} 20. Qxa7 {[%emt 0:00:14]} Rxb2 {[%emt 0:00:03]} 21. Bc3 {[%emt 0:00:21]} Rb8 {[%emt 0:00:05]} 22. a3 {[%emt 0:00:17]} Ra8 {[%emt 0:00:05]} 23. Qc5 {[%emt 0:00:02]} Qd7 {[%emt 0:00:06]} 24. Bb4 {[%emt 0:00:02]} Rae8 {[%emt 0:00:10]} 25. Qxc6 {[%emt 0:00:05]} Qg4 {[%emt 0:00:04]} 26. Bxf8 {[%emt 0:00:09]} Rxf8 {[%emt 0:00:03]} 27. Qxd5+ {[%emt 0:00:02]} Kh8 {[%emt 0:00:01]} 28. Rcf1 {[%emt 0:00:09]} Qg6 {[%emt 0:00:05]} 29. e4 {[%emt 0:00:02]} Rg8 {[%emt 0:00:07]} 30. e5 {[%emt 0:00:04]} Bd8 {[%emt 0:00:02]} 31. Rf8 {[%emt 0:00:03] Timbre resigns (Lag: Av=0.47s, max=0.6s)} 1-0

[Event "Stay Safe Play From Home 324"]
[Site "Emanuel Lasker Arena"]
[Date "2020.07.22"]
[Round "6"]
[White "Mr bh6"]
[Black "Ganyan"]
[Result "0-1"]
[WhiteElo "2493"]
[BlackElo "1761"]
[Annotator "TA"]
[PlyCount "128"]
[EventDate "2020.07.22"]
[EventType "swiss (blitz)"]

{[%evp 9,127,10,11,-8,3,-14,39,4,16,10,19,-10,0,-19,-4,-40,-46,-39,-33,-49,-34,-75,-70,-89,-96,-170,-177,-269,-271,-295,-329,-302,-237,-289,-308,-299,-296,-339,-293,-331,-329,-490,-500,-487,-487,-460,-465,-560,-537,-531,-520,-530,-518,-588,-576,-733,-720,-910,-695,-906,-866,-1159,-1142,-1156,-1139,-1112,-1099,-1780,-1743,-5827,-5641,-29983,-29975,-29993,-29994,-29994,-29987,-29987,-29987,-29989,-29986,-29986,-29987,-29987,-29987,-29987,-29985,-29984,-29985,-29990,-29988,-29988,-29989,-29989,-29990,-29990,-29990,-29993,-29990,-29993,-29991,-29995,-29992,-29993,-29993,-29993,-29994,-29994,-29995,-29995,-29996,-29996,-29997,-29997,-29998,-29998,-29998,-29998,-29999,-29999]} 1. d4 Nf6 2. Nf3 e6 3. Bf4 c5 4. e3 Qb6 5. Nc3 {[%cal Bb1c3,Bc3a4,Ba4c5][%mdl 32]} a6 6. Na4 {A46: 1 d4 Nf6 2 Nf3 e6: Torre, London and Colle Systems.} Qa5+ 7. c3 cxd4 ({Better is} 7... c4 $11) 8. b4 {White is slightly better.} ({Avoid the trap} 8. Qxd4 $2 Nc6 $19) ({But not} 8. Nxd4 $2 b5 $19) 8... Qd8 $1 {White must now prevent ...b5.} 9. exd4 b5 {[#]} 10. Nc5 $146 ({Predecessor:} 10. Nb2 Bb7 11. a4 Qc8 12. Qb3 Bd5 13. c4 bxc4 14. Bxc4 Nc6 15. Bd2 Bxb4 16. Bxb4 {½-½ (58) Mann,C (2440)-Gabriel,C (2305) Germany 1991}) 10... d6 11. Nd3 Bb7 12. Be2 Nbd7 13. a4 Be7 14. O-O O-O 15. Qb3 Bd5 {White is now going downhill.} 16. Qb2 Nb6 17. Qc1 (17. a5 $17 Na4 18. Qa3) 17... Nxa4 $19 ({Don't do} 17... bxa4 18. Nb2 $17) 18. Rxa4 (18. Ra3 $142) 18... bxa4 19. c4 Rc8 20. Nd2 Qd7 21. Qc2 Ne4 22. Nxe4 Bxe4 23. Qa2 Rfd8 24. Rc1 Qb7 25. f3 (25. Qxa4 {keeps fighting.} Bxg2 26. Be3) 25... Bxd3 26. Bxd3 Qxb4 27. Bd2 Qb3 28. Qc2 Rb8 29. Kf2 g6 30. Ke2 Rdc8 31. g3 Bf6 32. Be3 a3 33. Kd2 a5 34. h4 a4 35. h5 Qxc2+ 36. Rxc2 Rb2 37. Rxb2 axb2 {[%mdl 4096] Endgame KRB-KB} 38. Kc2 Rb8 39. Kb1 Rb3 40. c5 dxc5 {Black mates.} 41. dxc5 Rxd3 42. Bd4 Rd1+ 43. Kxb2 Bxd4+ 44. Kc2 Bxc5 45. Kxd1 gxh5 {KB-KPP} 46. Kc2 a3 47. Kb3 Be7 48. Ka2 Kg7 49. g4 Kg6 50. gxh5+ Kxh5 {KB-KP} 51. Kb3 Kg5 52. Kc3 Kf4 53. Kd3 Kxf3 54. Kd4 h5 55. Ke5 h4 56. Kd4 h3 57. Kc4 h2 58. Kb5 h1=Q 59. Kc6 Qd1 60. Kc7 a2 61. Kc8 a1=Q 62. Kc7 Qc3+ 63. Kb8 Qb1+ 64. Ka8 Qa3# {Accuracy: White = 30%, Black = 90%.} 0-1

[Event "Stay Safe Play From Home 324"]
[Site "Emanuel Lasker Arena"]
[Date "2020.07.22"]
[Round "6"]
[White "Lazieri3"]
[Black "Ionelluca"]
[Result "1-0"]
[WhiteElo "2073"]
[BlackElo "1889"]
[Annotator "TA"]
[PlyCount "115"]
[EventDate "2020.07.22"]
[EventType "swiss (blitz)"]

{[%evp 9,114,21,31,0,0,0,51,14,41,25,22,-10,0,-20,14,-45,6,-5,-11,-14,0,-18,12,0,1,0,-3,-29,0,0,9,5,16,0,0,-5,12,-21,0,0,0,0,12,0,0,-4,-4,-3,0,-10,-14,-11,-6,-132,-137,-131,-125,-126,-20,-13,0,0,0,0,0,0,0,-59,-51,-54,-45,-62,0,-218,-225,-225,-225,-251,14,14,14,14,14,14,14,14,14,14,14,14,14,14,14,14,14,0,0,0,0,0,0,0,0,0,3,4,29999]} 1. e4 d6 2. Nc3 Nf6 3. Nf3 c6 4. d4 Nbd7 5. Bd3 e5 6. dxe5 {B07: Pirc Defence: Miscellaneous Systems.} dxe5 7. O-O {[#]} b5 $146 (7... Qc7 $11) ({Predecessor:} 7... Be7 8. Re1 O-O 9. h3 Qc7 10. Be3 Nc5 11. Qe2 b5 12. a3 a5 13. Bxc5 Bxc5 {0-1 (28) Kralj,N (1734)-Biti,O (2368) Komenda 2018}) 8. a3 {White is slightly better.} a6 9. h3 Be7 10. Bg5 Qc7 11. Re1 Nf8 12. Qe2 ({White should try} 12. a4 $11 b4 13. Ne2) 12... Ng6 (12... Ne6 $15) 13. Nh4 Nxh4 14. Bxh4 O-O 15. Nd1 Ne8 16. Bxe7 Qxe7 17. Ne3 g6 18. Ng4 Qg5 19. Qe3 Qxe3 20. Nxe3 Nd6 21. c3 Be6 22. f3 Rad8 23. Rad1 Nb7 24. b4 Bb3 25. Bc2 Be6 26. Rxd8 Rxd8 27. Rc1 c5 28. Rd1 Rc8 29. Bd3 cxb4 30. cxb4 Rc3 31. a4 (31. Ng4 $1 $11 {was the only way to keep the balance.}) 31... bxa4 $17 32. Bxa6 Rxe3 33. Bxb7 {[%mdl 4096] Endgame [#] KRB-KRB} Rb3 (33... a3 $1 $17 {[%cal Ra3a2]} 34. Rd8+ Kg7) 34. Bd5 $1 $11 {[%cal Rd5b3]} Rxb4 {...Rd4 is the strong threat.} 35. Bxe6 $1 fxe6 {KR-KR} 36. Rd8+ Kf7 37. Rd7+ Kg8 38. Re7 ({Better is} 38. Rd8+ $11 Kg7 39. Ra8) 38... a3 $15 39. Ra7 Rb1+ 40. Kh2 $1 Ra1 (40... Rb3 $1 $15) 41. Kg3 $2 (41. Ra8+ $1 $11 {and White stays safe.} Kg7 42. Ra7+ Kh6 43. h4) 41... h6 $19 42. h4 a2 43. Kg4 Rg1 $2 (43... Kf8 $19 {And now ...Ke8 would win.} 44. Kg3 Ke8) 44. Rxa2 $11 Kf7 45. Kg3 Kf6 46. Ra8 Kf7 47. Ra7+ Kf6 48. Rh7 h5 49. Ra7 Rd1 50. Ra8 Kf7 51. Ra2 Rh1 52. Rf2 Kf6 53. Rb2 g5 54. hxg5+ Kxg5 55. Rb8 h4+ 56. Kf2 Ra1 57. Rg8+ Kf4 $2 {[%mdl 8192] [#]} (57... Kf6 $11) 58. Rg4# {White used his chance. Accuracy: White = 75%, Black = 68%.} 1-0

[Event "Stay Safe Play From Home 324"]
[Site "Emanuel Lasker Arena"]
[Date "2020.07.22"]
[Round "6"]
[White "Weltszmerc"]
[Black "Klasman"]
[Result "1-0"]
[WhiteElo "2020"]
[BlackElo "1492"]
[Annotator "TA"]
[PlyCount "13"]
[EventDate "2020.07.22"]
[EventType "swiss (blitz)"]

{[%evp 9,13,333,402,387,593,453]} 1. d4 f5 2. g4 fxg4 3. h3 Nf6 4. hxg4 {[#]} h6 $146 ({Predecessor:} 4... Nxg4 5. e4 d6 6. Bg5 c5 7. Be2 h5 8. dxc5 Qa5+ 9. Qd2 Qxd2+ 10. Nxd2 dxc5 11. f3 Nf6 12. e5 Nh7 {½-½ (25) Guevara Pijoan,J (2327)-Narkun,M (2291) ICCF email 2019}) 5. Qd3 Kf7 6. g5 {A80: Dutch Defence: Unusual White second moves.} Nd5 (6... d5 {keeps fighting.} 7. gxf6 exf6) 7. Qf5+ 1-0

[Event "Stay Safe Play From Home 324"]
[Site "Emanuel Lasker Arena"]
[Date "2020.07.22"]
[Round "6"]
[White "Dukic"]
[Black "SelamiSahin"]
[Result "0-1"]
[WhiteElo "1855"]
[BlackElo "1898"]
[Annotator "NA RC"]
[PlyCount "62"]
[EventDate "2020.07.22"]
[EventType "swiss (blitz)"]
[TimeControl "300"]

1. c4 {[%emt 0:00:04]} b6 {[%emt 0:00:02]} 2. Nc3 {[%emt 0:00:01]} Bb7 {[%emt 0:00:02]} 3. d4 {[%emt 0:00:02]} c5 {[%emt 0:00:04]} 4. d5 {[%emt 0:00:01]} d6 {[%emt 0:00:01]} 5. e4 {[%emt 0:00:01]} Nd7 {[%emt 0:00:14]} 6. f4 {[%emt 0:00:02]} g6 {[%emt 0:00:04]} 7. Nf3 {[%emt 0:00:01]} Bg7 {[%emt 0:00:01]} 8. Qc2 {[%emt 0:00:01]} h5 {[%emt 0:00:09]} 9. Be2 {[%emt 0:00:01]} Nh6 {[%emt 0:00:04]} 10. O-O {[%emt 0:00:01]} O-O {[%emt 0:00:06]} 11. b3 {[%emt 0:00:03]} e6 {[%emt 0:00:03]} 12. Bb2 {[%emt 0:00:12]} Qe7 {[%emt 0:00:08]} 13. Rae1 {[%emt 0:00:09]} e5 {[%emt 0:00:07]} 14. f5 {[%emt 0:00:17]} Bf6 {[%emt 0:00:03]} 15. h3 {[%emt 0:00:05]} Kg7 {[%emt 0:00:04]} 16. Bc1 {[%emt 0:00:07]} a6 {[%emt 0:00:03]} 17. Bd3 {[%emt 0:00:04]} Rh8 {[%emt 0:00:05]} 18. Qf2 {[%emt 0:00:11]} g5 {[%emt 0:00:06]} 19. Nxg5 {[%emt 0:00:28]} Bxg5 {[%emt 0:00:03]} 20. Qg3 {[%emt 0:00:01]} Ng4 {[%emt 0:00:12]} 21. hxg4 {[%emt 0:00:05]} Bxc1 {[%emt 0:00:01]} 22. Rxc1 {[%emt 0:00:05]} Qg5 {[%emt 0:00:01]} 23. Be2 {[%emt 0:00:13]} Nf6 {[%emt 0:00:05]} 24. Rce1 {[%emt 0:00:15]} hxg4 {[%emt 0:00:03]} 25. Nd1 {[%emt 0:00:06]} Rh4 {[%emt 0:00:11]} 26. Bd3 {[%emt 0:00:12]} Rah8 {[%emt 0:00:02]} 27. Kf2 {[%emt 0:00:03]} Nh5 {[%emt 0:00:08]} 28. Qe3 {[%emt 0:00:03]} Nf4 {[%emt 0:00:22]} 29. Rg1 {[%emt 0:00:17]} Rh2 {[%emt 0:00:06]} 30. Bf1 {[%emt 0:00:15]} R8h3 {[%emt 0:00:26]} 31. Qd2 {[%emt 0:00:17]} Rf3# {[%emt 0:00:01] (Lag: Av=0.48s, max=0.9s)} 0-1

[Event "Stay Safe Play From Home 324"]
[Site "Emanuel Lasker Arena"]
[Date "2020.07.22"]
[Round "6"]
[White "Timbre"]
[Black "Justwatch"]
[Result "1-0"]
[WhiteElo "1584"]
[BlackElo "1489"]
[Annotator "NA RC"]
[PlyCount "27"]
[EventDate "2020.07.22"]
[EventType "swiss (blitz)"]

1. d4 {[%emt 0:00:19]} Nf6 {[%emt 0:00:00]} 2. Nf3 {[%emt 0:00:02]} d6 {[%emt 0:00:05]} 3. c3 {[%emt 0:00:01]} Bg4 {[%emt 0:00:01]} 4. Bf4 {[%emt 0:00:05]} Bxf3 {[%emt 0:00:01]} 5. exf3 {[%emt 0:00:02]} g6 {[%emt 0:00:02]} 6. Bc4 {[%emt 0:00:03]} Bg7 {[%emt 0:00:01]} 7. a3 {[%emt 0:00:02]} O-O {[%emt 0:00:02]} 8. O-O {[%emt 0:00:01]} Nbd7 {[%emt 0:00:01]} 9. Ba2 {[%emt 0:00:02]} Nh5 {[%emt 0:00:01]} 10. Bg3 {[%emt 0:00:02]} Nxg3 {[%emt 0:00:01]} 11. fxg3 {[%emt 0:00:02]} e5 {[%emt 0:00:01]} 12. dxe5 {[%emt 0:00:02]} Nxe5 {[%emt 0:00:07]} 13. Nd2 {[%emt 0:00:02]} c5 {[%emt 0:00:01]} 14. Ne4 {[%emt 0:00:02] Justwatch terk eder (Lag: Av=0.37s, max=0.5s)} 1-0

[Event "Stay Safe Play From Home 324"]
[Site "Emanuel Lasker Arena"]
[Date "2020.07.22"]
[Round "7"]
[White "Lazieri3"]
[Black "Klasman"]
[Result "1-0"]
[WhiteElo "2082"]
[BlackElo "1490"]
[Annotator "TA"]
[PlyCount "79"]
[EventDate "2020.07.22"]
[EventType "swiss (blitz)"]

{[%evp 9,79,73,77,75,75,28,87,81,155,112,179,108,248,16,24,12,4,-2,0,-20,-11,-18,-12,-10,0,-1,0,-19,0,-37,5,-62,0,0,-1,-36,-36,-36,-27,-52,-36,-81,-82,-80,0,0,0,0,0,0,0,0,0,0,76,0,0,-9,-9,-54,-13,-25,5065,5065,5065,5065,5065,5065,5057,4133,2224,2010]} 1. e4 f5 2. exf5 Nf6 3. Nf3 d5 4. d4 Bxf5 5. Bd3 Bxd3 6. Qxd3 {B00: Queen's Fianchetto Defence, Nimzowitsch Defence.} Nc6 {[#]} 7. c3 $146 ({Predecessor:} 7. O-O g6 8. Re1 Ne4 9. Nbd2 Nxd2 10. Bxd2 Bg7 11. Ng5 e5 12. Ne6 Qe7 13. Qh3 {1-0 (29) Hodge,S (1902)-Taylor,R (1787) England 2018}) 7... Qd6 (7... e6 $11 {keeps the balance.}) 8. O-O $16 {White is better.} O-O-O (8... g6 $142) 9. Re1 h6 (9... Qd7 $16) 10. Ne5 ({White should play} 10. b4 $18) 10... Ne4 (10... Qe6 $16) 11. f3 $2 (11. Qh3+ $18 Kb8 12. Nf7) 11... Nxe5 $11 12. dxe5 Nc5 13. exd6 (13. Qe2 {is more complex.} Qa6 14. Qxa6 Nxa6 15. Na3 e6 16. Nb5) 13... Nxd3 14. Rd1 Nxc1 15. dxc7 Kxc7 {[#] Strongly threatening ...Ne2+.} 16. Rxc1 e5 17. Nd2 Bc5+ 18. Kf1 Rhf8 19. Nb3 Be3 20. Rd1 (20. Re1 $11 d4 21. Nc5) 20... d4 (20... e4 $15) 21. cxd4 exd4 22. Nc5 {Ne6+ is the strong threat.} Rf6 23. Nd3 g5 24. h3 h5 25. Ne5 Rd5 26. Nc4 {[#]} Rc5 ({Better is} 26... Bf4 $1 $17 27. Rd3 Rc6) 27. Nxe3 dxe3 {[%mdl 4096] Endgame KRR-KRR} 28. Rac1 Rfc6 $1 29. Rxc5 Rxc5 {KR-KR} 30. Re1 Rc2 31. Re2 Rc1+ $1 32. Re1 Rc2 33. Rxe3 Rxb2 34. Ra3 a6 (34... Kb6 {looks sharper.} 35. h4 gxh4 36. f4 Rb4 37. Rf3 Kc6) 35. Ra5 Rb5 $2 {[%mdl 8192]} (35... h4 $11) 36. Rxb5 $18 {White is clearly winning.} axb5 37. Ke2 Kd6 38. g3 Ke5 39. Ke3 b4 40. f4+ {Accuracy: White = 63%, Black = 50%.} 1-0

[Event "Stay Safe Play From Home 324"]
[Site "Emanuel Lasker Arena"]
[Date "2020.07.22"]
[Round "7"]
[White "SelamiSahin"]
[Black "Ganyan"]
[Result "1-0"]
[WhiteElo "1958"]
[BlackElo "1902"]
[Annotator "TA"]
[PlyCount "139"]
[EventDate "2020.07.22"]
[EventType "swiss (blitz)"]

{[%evp 13,139,63,82,58,53,-49,23,0,0,0,33,53,85,94,58,25,59,45,45,45,53,15,22,15,12,0,0,0,0,0,2,0,0,0,0,0,0,0,0,0,0,2,3,14,22,0,154,153,182,174,218,247,247,247,247,247,247,241,247,237,247,286,298,245,246,209,221,203,235,213,230,224,589,583,1474,1324,1724,1724,1694,1477,12677,11763,5175,4618,2091,1203,29976,29978,29977,29979,29979,29980,29980,29981,29981,29982,29982,29983,29983,29984,29984,29985,29985,29986,29987,29988,29988,29987,29987,29988,29988,29989,29989,29990,29990,29991,29992,29992,29994,29994,29995,29995,29995,29996,29996,29997,29997,29998]} 1. e4 Nf6 2. e5 Nd5 3. c4 Nb6 4. d4 d6 5. f4 dxe5 6. fxe5 c5 7. d5 g6 $1 8. Bf4 {B03: Alekhine's Defence: Four Pawns Attack.} Bg7 9. Bd3 (9. Nc3 $14) 9... O-O (9... e6 $1 $15) 10. Nc3 {White has an edge.} e6 $1 {[%cal Re6d5]} 11. d6 f6 12. Nf3 Nc6 {[%cal Rf6e5]} 13. exf6 Bxf6 14. Bg3 Nd4 15. O-O {[#]} Bd7 $146 ({Predecessor:} 15... Nf5 16. Bxf5 exf5 17. Nd5 Bxb2 18. Rb1 Bg7 19. Nh4 Qd7 20. Rxb6 axb6 21. Nxb6 Qc6 22. Nxa8 Be6 23. Nc7 Bxc4 24. Re1 {1-0 (24) Davidov,S (2326)-Grunberg,M (2472) Rome 2007}) 16. Ne5 Bxe5 17. Bxe5 Qg5 18. Bg3 {aiming for Ne4.} Bc6 19. Rxf8+ Rxf8 20. Qe1 Nd7 21. Be4 e5 22. Bxc6 bxc6 23. Rd1 Qg4 24. h3 Qe6 25. b3 Qxd6 26. Ne4 $36 {[%mdl 2048] White is more active.} Qe7 27. Bh4 Qg7 28. Kh2 h6 29. Bg3 g5 $2 {[#] White now steadily converts the win.} (29... Nf5 $11) 30. Nxc5 $1 $16 {[%mdl 512]} Nxc5 31. Bxe5 {[%mdl 64] Double Attack} Re8 32. Bxg7 {[%mdl 64] Discovered Attack} Rxe1 33. Rxe1 Kxg7 34. Re7+ Kf6 35. Rxa7 Nd3 36. Rh7 Kg6 37. Rd7 c5 38. Rd6+ Kf5 39. Rxh6 Nb4 {[#]} 40. Rd6 $1 Nxa2 41. Rd5+ {[%mdl 64] Double Attack} Kf4 42. Rxc5 Nxb3 $2 (42... Nb4 {is more resistant.} 43. g3+ Ke4) 43. Rd5 $18 Nac1 {and the idea ...Ne2 leaves Black hopeful.} 44. c5 Na5 {[#]} 45. c6 $1 {[%mdl 576] Decoy} Nxc6 46. Rc5 Ne5 47. Rxc1 {[%mdl 4096] Endgame KR-KN} Nd3 48. Rc4+ Kf5 49. Rd4 Ne5 50. Rd5 {White mates.} Ke4 {[#]} 51. Rxe5+ $1 Kxe5 {KPP-KP} 52. Kg3 Kf5 53. Kf3 Kf6 54. Kg4 Kg6 55. g3 Kf6 {[#]} 56. Kh5 $1 Kf5 57. g4+ Kf4 58. Kh6 Kg3 59. Kxg5 Kxh3 {KP-K} 60. Kh5 Kg3 61. g5 Kf3 62. g6 Ke4 63. g7 Kd3 64. g8=Q Kc2 65. Qg3 Kd1 66. Qf2 Kc1 67. Kg4 Kb1 68. Kf3 Ka1 69. Ke3 Kb1 70. Kd3 {Accuracy: White = 90%, Black = 60%.} 1-0

[Event "Stay Safe Play From Home 324"]
[Site "Emanuel Lasker Arena"]
[Date "2020.07.22"]
[Round "7"]
[White "Ionelluca"]
[Black "Mr bh6"]
[Result "0-1"]
[WhiteElo "1880"]
[BlackElo "2459"]
[Annotator "RC"]
[PlyCount "86"]
[EventDate "2020.07.22"]
[EventType "swiss (blitz)"]

1. c4 {[%emt 0:00:09]} e6 {[%emt 0:00:00]} 2. g3 {[%emt 0:00:02]} f5 {[%emt 0:00:42]} 3. Bg2 {[%emt 0:00:03]} Nf6 {[%emt 0:00:00]} 4. Nc3 {[%emt 0:00:02]} Be7 {[%emt 0:00:05]} 5. d3 {[%emt 0:00:02]} O-O {[%emt 0:00:01]} 6. a3 {[%emt 0:00:02]} c5 {[%emt 0:00:01]} 7. Rb1 {[%emt 0:00:01]} Nc6 {[%emt 0:00:00]} 8. Bd2 {[%emt 0:00:02]} d5 {[%emt 0:00:00]} 9. cxd5 {[%emt 0:00:04]} exd5 {[%emt 0:00:00]} 10. Nh3 {[%emt 0:00:02]} d4 {[%emt 0:00:03]} 11. Na4 {[%emt 0:00:05]} Nd5 {[%emt 0:00:03]} 12. b3 {[%emt 0:00:03]} b5 {[%emt 0:00:06]} 13. Nb2 {[%emt 0:00:15]} Bb7 {[%emt 0:00:01]} 14. O-O {[%emt 0:00:08]} Nc3 {[%emt 0:00:05]} 15. Qe1 {[%emt 0:00:32]} Nxb1 {[%emt 0:00:04]} 16. Qxb1 {[%emt 0:00:03]} Qd7 {[%emt 0:00:01]} 17. b4 {[%emt 0:00:16]} cxb4 {[%emt 0:00:04]} 18. axb4 {[%emt 0:00:07]} Bxb4 {[%emt 0:00:00]} 19. Qa2+ {[%emt 0:00:20]} Kh8 {[%emt 0:00:02]} 20. Bxb4 {[%emt 0:00:04]} Nxb4 {[%emt 0:00:00]} 21. Qb3 {[%emt 0:00:01]} Bxg2 {[%emt 0:00:02]} 22. Kxg2 {[%emt 0:00:01]} Qd5+ {[%emt 0:00:01]} 23. Qxd5 {[%emt 0:00:02]} Nxd5 {[%emt 0:00:00]} 24. Ng5 {[%emt 0:00:04]} Rfe8 {[%emt 0:00:02]} 25. Nf7+ {[%emt 0:00:03]} Kg8 {[%emt 0:00:01]} 26. Nd6 {[%emt 0:00:04]} Rxe2 {[%emt 0:00:00]} 27. Nd1 {[%emt 0:00:17]} b4 {[%emt 0:00:02]} 28. Nxf5 {[%emt 0:00:04]} a5 {[%emt 0:00:15]} 29. Nxd4 {[%emt 0:00:01]} Ra2 {[%emt 0:00:03]} 30. Re1 {[%emt 0:00:04]} a4 {[%emt 0:00:01]} 31. Re4 {[%emt 0:00:02]} b3 {[%emt 0:00:01]} 32. Re5 {[%emt 0:00:06]} Nf6 {[%emt 0:00:07]} 33. Rb5 {[%emt 0:00:02]} Rd8 {[%emt 0:00:03]} 34. Ne6 {[%emt 0:00:52]} Rxd3 {[%emt 0:00:10]} 35. Ng5 {[%emt 0:00:02]} Rad2 {[%emt 0:00:11]} 36. Nc3 {[%emt 0:00:07]} h6 {[%emt 0:00:03]} 37. Rb8+ {[%emt 0:00:05]} Rd8 {[%emt 0:00:02]} 38. Rxd8+ {[%emt 0:00:02]} Rxd8 {[%emt 0:00:00]} 39. Ne6 {[%emt 0:00:00]} Rc8 {[%emt 0:00:03]} 40. Nxa4 {[%emt 0:00:02]} Rc4 {[%emt 0:00:01]} 41. Nb2 {[%emt 0:00:05]} Rc2 {[%emt 0:00:01]} 42. Na4 {[%emt 0:00:01]} b2 {[%emt 0:00:01]} 43. Nxb2 {[%emt 0:00:01]} Rxb2 {[%emt 0:00:00] Ionelluca resigns (Lag: Av=0.77s, max=2.2s)} 0-1